UBT Library

Pathophysiology : (Record no. 47086)

000 -LEADER
fixed length control field 00733nam a2200229 a 4500
001 - CONTROL NUMBER
control field 4402856
005 - DATE AND TIME OF LATEST TRANSACTION
control field 20180814042511.0
008 - FIXED-LENGTH DATA ELEMENTS--GENERAL INFORMATION
fixed length control field 920423s1992 mouaf b 001 0 eng
010 ## - LIBRARY OF CONGRESS CONTROL NUMBER
LC control number 92150363
020 ## - INTERNATIONAL STANDARD BOOK NUMBER
International Standard Book Number 0801660513
040 ## - CATALOGING SOURCE
Original cataloging agency DLC
Transcribing agency DLC
041 ## - LANGUAGE CODE
Language code of text/sound track or separate title eng
080 ## - UNIVERSAL DECIMAL CLASSIFICATION NUMBER
Universal Decimal Classification number 616.07
082 00 - DEWEY DECIMAL CLASSIFICATION NUMBER
Classification number 616.07
Edition number 20
100 ## - Rafti
Rafti 9
101 ## - Shkurtesa
Shkurtesa pat
245 00 - TITLE STATEMENT
Title Pathophysiology :
Statement of responsibility, etc Sylvia Anderson Price, Lorraine McCarty Wilson.
504 ## - BIBLIOGRAPHY, ETC. NOTE
Bibliography, etc Includes bibliographical references and index.
906 ## - LOCAL DATA ELEMENT F, LDF (RLIN)
a 7
b cbc
c orignew
d 2
e ncip
f 19
g y-gencatlg
942 ## - ADDED ENTRY ELEMENTS (KOHA)
Source of classification or shelving scheme
Item type Books
Holdings
Withdrawn status Lost status Source of classification or shelving scheme Damaged status Not for loan Collection code Permanent location Current location Shelving location Date acquired Total Checkouts Full call number Barcode Date last seen Price effective from Koha item type
          Koleksioni i përgjithshem UBT - Lipjan UBT - Lipjan Koleksioni i përgjithshem 08/14/2018   616.07 pri 002-3011000 08/14/2018 08/14/2018 Books
UBT Library © 2015-2024. All rights reserved University Education for Business and Technology